Obras de San Agustín. (Record no. 170675)

MARC details
000 -LEADER
campo de control de longitud fija 01028nam a2200241 i 4500
001 - NÚMERO DE CONTROL
campo de control 170675
003 - IDENTIFICADOR DE NÚMERO DE CONTROL
campo de control ES-MaACL
005 - FECHA Y HORA DE LA ÚLTIMA TRANSACCIÓN
campo de control 20250808062735.0
008 - DATOS DE LONGITUD FIJA--INFORMACIÓN GENERAL
campo de control de longitud fija 090330s1956 sp |||| | spa d
100 0# - ENTRADA PRINCIPAL--NOMBRE DE PERSONA
Nombre de persona Agustín
Títulos y otros términos asociados al nombre Santo, Obispo de Hipona.
9 (RLIN) 125563
245 10 - MENCIÓN DEL TÍTULO
Título Obras de San Agustín.
Número de parte o sección de la obra T. IV /
Mención de responsabilidad, etc. versión , introducciones y notas de Victorino Capanaga...[et al.].
250 ## - MENCION DE EDICION
Mención de edición Ed. bilingüe, 1ª ed, reimp.
260 ## - PUBLICACIÓN, DISTRIBUCIÓN, ETC.
Lugar de publicación, distribución, etc. Madrid :
Nombre del editor, distribuidor, etc. [La Editorial Católica],
Fecha de publicación, distribución, etc. 1956.
300 ## - DESCRIPCIÓN FÍSICA
Extensión XVI, 899 p. ;
Dimensiones 20 cm.
490 1# - MENCIÓN DE SERIE
Mención de serie Biblioteca de autores cristianos ;
Designación de volumen o secuencia 30
505 8# - NOTA DE CONTENIDO CON FORMATO
Nota de contenido con formato Contiene: Obras apologéticas. De la verdadera religión ; De las costumbres de la Iglesia ; Enquiridión ; De la unidad de la iglesia ; De la fe en lo que no se ve ; De la utilidad de creer
546 ## - NOTA DE IDIOMA
Nota de lengua/lenguaje Texto en latín y traducción en castellano.
700 1# - ENTRADA AGREGADA--NOMBRE PERSONAL
Nombre de persona Capanaga, Victorino.
9 (RLIN) 34776
830 00 - PUNTO DE ACCESO ADICIONAL DE SERIE-TÍTULO UNIFORME
Título uniforme Biblioteca de autores cristianos
Designación de volumen o secuencia 30
9 (RLIN) 178679
852 ## - LOCALIZACIÓN
Ubicación ES-MaACL
Número de control de estantería J-29
itemnumber R.46092
Holdings
Estatus retirado Estado de pérdida Estado de daño No para préstamo Biblioteca de origen Biblioteca actual Ubicación en estantería Fecha de adquisición Fuente de adquisición Total de préstamos Signatura topográfica completa Código de barras Visto por última vez Precio de reemplazo Tipo de ítem Koha
        Biblioteca del Ateneo de Madrid Biblioteca del Ateneo de Madrid Depósito 2 30/03/2009     J-29 1179114 23/02/2023 23/02/2023 Libro impreso